Представление документа в формате MARC21

Поле Инд. ПП Название Значение
Тип записи a
Библиографический уровень m
001 Контрольный номер f38cda04-e0c5-48c7-b153-6ca098089ec8
005 Дата корректировки 20140703123130.6
008 Кодируемые данные 031204
020 a ISBN 5-8114-0478-6
c Цена, тираж 95.00
040 a Служба первич. каталог. НБ ТвГУ
041 a Код языка текста rus
080 a Индекс УДК 541.18(075.8)
084 a Индекс другой классификации/Индекс ББК Г6я73-1
090 x Авторский знак Г32
a Полочн. индекс Г6
100 1_ a Автор Гельфман Марк Иосифович
245 00 a Заглавие Коллоидная химия
c Ответственность М. Гельфман, О. Ковалевич, В. Юстратов
260 0_ a Место издания СПб. и др.
b Издательство Лань
c Дата издания 2003
300 a Объем 332 с.
b Иллюстрации/ тип воспроизводства ил.
440 a Серия Учебники для вузов
a Серия Специальная литература
504 a Библиография Библиогр.: с.328.
583 a Действие Получение впервые 312 02.12.2003
k Исполнитель действия Акт передачи
583 a Действие Приписка 339 15.12.2003
k Исполнитель действия ООО "Книжный мир"
583 a Действие Приписка 360 25.12.2003
k Исполнитель действия ЧП Искандеров Р.Р.
583 a Действие Приписка 316 18.08.2004
k Исполнитель действия ООО ИПФ "Книготорг"
650 a Основная рубрика Коллоидная химия
x Основная подрубрика Учебники для вузов
653 a Ключевые слова Коллоидная химия
a Ключевые слова Химия
700 1_ a Другие авторы Ковалевич Ольга Викторовна
e Роль лиц авт.
700 1_ a Другие авторы Юстратов Владимир Петрович
e Роль лиц авт.
852 t Порядковый номер экземпляра 6
p Инвентарный номер 772756
p Инвентарный номер 775396 90.00
p Инвентарный номер 773897 85.00
p Инвентарный номер 772757
p Инвентарный номер 787808 70.84
p Инвентарный номер 787809 70.84
863 t 00023878
863 t 00023877
888 a За счет средств "ИнноЦентра"
a За счет средств университета
930 a Новая/Ретро учебники
952 p 312.2003 95.00 1 772756
p 312.2003 95.00 1 772757
p 339.2003 85.00 1 773897
p 360.2003 90.00 1 775396
p 316.2004 70.84 1 787808
p 316.2004 70.84 1 787809
c Вид литературы К ру
954 a Дата поступления на обработку 20031208
999 a Подразделение 2 Фил3